000
00288nam a22001337a 4500
008
170302b xxu||||| |||| 00| 0 eng d
020
_a
57658
041
_a
eng
080
_2
5TH
_a
575
100
_a
6
101
_a
SHM
245
_a
PRINCIPLES OF GENETICS
_c
SINNOTT, E.W
942
_2
udc
_c
BK
999
_c
6596
_d
6596